000 00536nam a2200193 a 4500
001 1770451648092
003 YourLibrary
005 20260207134015.0
008 260207s2003##################000#0#eng##
020 _a9780195152739
082 0 4 _a332.632044
_bRAY
100 1 _aRaynes, Sylvain,
_eauthor.
245 1 0 _aThe Analysis of Structured Securities :
260 _bOxford University Press, USA,
_c2003.
300 _a462 pages
650 0 _aBusiness & Economics.
942 _cENGLISH
040 _aYourLibrary
_beng
_cYourLibrary
999 _c610791
_d610791